00424nam a2200169Ia 450000500170000000800410001702000150005808200210007324500360009426000380013030000160016865000130018465000100019765000130020770000170022070000170023720250123025438.0240331s9999 xx 000 0 und d a0415905338 bLUK23803a305.4 0aFeminisms and Critical Pedagogy aNew YorkaLondonbRoutledgec1992 axi, 220 p., aFeminism aWomen aPolitics aLuke, Ceedt aGore, Jeedt